000 00259nam a22001217a 4500
999 _c533646
_d533646
020 _a978-0393338515
040 _cdlc
082 _a958.1047
100 _aSeth G. Jones
_927600
245 _aIn the Graveyard of Empires
300 _a430p
942 _2ddc
_cBK